000 00368cam a2200145ua 4500
041 _aeng
_h
082 _a828.09
_bTOL/WH
100 _aTolstoy, Leo .
245 _aWhat is art and essays on art /
_cLeo Tolstoy.
_hTextual Documents
260 _aLondon :
_bOxford University Press ,
_c1959.
300 _a340 ; .
504 _a
942 _cBK
999 _c3745
_d3745